Getting The Picture: The Visual Culture Of The News (Record no. 295655)
[ view plain ]
| 000 -LEADER | |
|---|---|
| fixed length control field | 00355nam a2200109Ia 4500 |
| 008 - FIXED-LENGTH DATA ELEMENTS--GENERAL INFORMATION | |
| fixed length control field | 160609s9999 xx 000 0 und d |
| 100 ## - MAIN ENTRY--PERSONAL NAME | |
| Personal name | Hill, Jason. |
| 245 ## - TITLE STATEMENT | |
| Title | Getting The Picture: The Visual Culture Of The News |
| 245 ## - TITLE STATEMENT | |
| Statement of responsibility, etc | By:Jason Hill, Vanessa R. Schwartz |
| 260 ## - PUBLICATION, DISTRIBUTION, ETC. (IMPRINT) | |
| Date of publication, distribution, etc | 2015 |
| 856 ## - ELECTRONIC LOCATION AND ACCESS | |
| Uniform Resource Identifier | <a href="http://file.ebook777.com/012/GetThePicTheVisCulOfTheNew.pdf">http://file.ebook777.com/012/GetThePicTheVisCulOfTheNew.pdf</a> |
| Withdrawn status | Lost status | Damaged status | Home library | Current library | Date acquired | Total Checkouts | Date last seen | Price effective from | Koha item type |
|---|---|---|---|---|---|---|---|---|---|
| College Library | College Library | 06/09/2016 | 06/09/2016 | 06/09/2016 | Curriculum - Based eBooks |